5°×5°经纬度方格内人口最多的5个城市(城市点位地图版) - Statistics

General Stats
  • This quiz has been taken 53 times
  • The average score is 148 of 187
Answers on the Map
Answers color-coded by a green-red scale on the quiz's map according to % correct below.
 
Answer Stats
经纬度 省级行政区 人口 城市 % Correct
35°N 110°E 河南省 3443805 洛阳市
95%
40°N 110°E 内蒙古自治区 2545608 呼和浩特市
95%
25°N 115°E 广东省 18676605 广州市
95%
25°N 115°E 广东省 17338162 深圳市
95%
25°N 115°E 广东省 9498863 佛山市
95%
35°N 115°E 山东省 8352574 济南市
95%
35°N 115°E 河南省 6650120 郑州市
95%
35°N 115°E 江苏省 3589215 徐州市
95%
40°N 115°E 直辖市 21893095 北京市
95%
25°N 120°E 福建省 5163970 厦门市
95%
25°N 120°E 福建省 4094491 福州市
95%
25°N 120°E 台湾省 2734275 高雄市
95%
30°N 120°E 直辖市 24870895 上海市
95%
30°N 120°E 江苏省 9314685 南京市
95%
30°N 120°E 江苏省 6715559 苏州市
95%
35°N 120°E 山东省 7172451 青岛市
95%
45°N 90°E 新疆维吾尔自治区 3980779 乌鲁木齐市
92%
15°N 110°E 海南省 2433 三沙市
92%
20°N 110°E 广东省 1931455 湛江市
92%
40°N 110°E 内蒙古自治区 2283770 包头市
92%
40°N 110°E 陕西省 1251557 榆林市
92%
40°N 110°E 内蒙古自治区 693038 鄂尔多斯市
92%
25°N 115°E 广东省 10466625 东莞市
92%
25°N 115°E 广东省 5437602 汕头市
92%
30°N 115°E 湖北省 12447718 武汉市
92%
30°N 115°E 安徽省 5118199 合肥市
92%
35°N 115°E 河北省 3724728 邯郸市
92%
40°N 115°E 直辖市 13866009 天津市
92%
40°N 115°E 山西省 4529141 太原市
92%
25°N 120°E 台湾省 4365947 新北市
92%
30°N 120°E 浙江省 10711238 杭州市
92%
30°N 120°E 浙江省 5057140 宁波市
92%
35°N 120°E 山东省 3648324 临沂市
92%
35°N 120°E 山东省 3386471 淄博市
92%
35°N 120°E 山东省 3191299 烟台市
92%
40°N 120°E 辽宁省 5736383 大连市
92%
40°N 120°E 山东省 1728259 威海市
92%
30°N 90°E 西藏自治区 648044 拉萨市
89%
30°N 90°E 西藏自治区 158290 日喀则市
89%
40°N 100°E 甘肃省 455611 酒泉市
89%
25°N 105°E 贵州省 4506134 贵阳市
89%
30°N 105°E 直辖市 25379469 重庆市
89%
30°N 105°E 贵州省 2360549 遵义市
89%
40°N 105°E 宁夏回族自治区 1901793 银川市
89%
20°N 110°E 海南省 2873358 海口市
89%
25°N 110°E 广西壮族自治区 5977185 南宁市
89%
30°N 110°E 湖北省 2319640 襄阳市
89%
35°N 110°E 陕西省 11133823 西安市
89%
20°N 115°E 广东省 2439585 珠海市
89%
30°N 115°E 湖南省 5980707 长沙市
89%
30°N 115°E 江西省 3929660 南昌市
89%
40°N 115°E 河北省 5758403 石家庄市
89%
40°N 115°E 河北省 3154062 保定市
89%
25°N 120°E 台湾省 3033840 台中市
89%
35°N 120°E 江苏省 2829864 淮安市
89%
40°N 120°E 河北省 3687607 唐山市
89%
40°N 120°E 河北省 1881047 秦皇岛市
89%
50°N 120°E 内蒙古自治区 449436 呼伦贝尔市
89%
40°N 125°E 辽宁省 7885142 沈阳市
89%
45°N 125°E 黑龙江省 1754655 大庆市
89%
40°N 75°E 新疆维吾尔自治区 782662 喀什市
86%
35°N 80°E 新疆维吾尔自治区 501028 和田市
86%
45°N 85°E 新疆维吾尔自治区 498587 石河子市
86%
30°N 95°E 西藏自治区 148511 昌都市
86%
45°N 95°E 新疆维吾尔自治区 569388 哈密市
86%
40°N 100°E 甘肃省 519096 张掖市
86%
40°N 100°E 甘肃省 312663 嘉峪关市
86%
25°N 105°E 云南省 5950578 昆明市
86%
30°N 105°E 四川省 15419445 成都市
86%
30°N 105°E 四川省 2232865 绵阳市
86%
35°N 105°E 甘肃省 3186658 兰州市
86%
40°N 105°E 甘肃省 885277 武威市
86%
40°N 105°E 内蒙古自治区 556621 乌海市
86%
20°N 110°E 广东省 2539148 茂名市
86%
25°N 110°E 广西壮族自治区 2519051 柳州市
86%
35°N 110°E 陕西省 1568579 咸阳市
86%
35°N 110°E 湖北省 1428629 十堰市
86%
40°N 120°E 内蒙古自治区 1460381 赤峰市
86%
40°N 125°E 辽宁省 1543696 鞍山市
86%
45°N 125°E 黑龙江省 6976136 哈尔滨市
86%
45°N 125°E 吉林省 5539649 长春市
86%
45°N 125°E 吉林省 1895865 吉林市
86%
45°N 125°E 黑龙江省 1406987 齐齐哈尔市
86%
45°N 130°E 吉林省 686136 延吉市
86%
50°N 130°E 黑龙江省 223832 黑河市
86%
45°N 85°E 新疆维吾尔自治区 490348 克拉玛依市
84%
30°N 90°E 西藏自治区 104490 那曲市
84%
45°N 90°E 新疆维吾尔自治区 317443 吐鲁番市
84%
30°N 95°E 西藏自治区 84254 林芝市
84%
35°N 100°E 青海省 1954795 西宁市
84%
40°N 100°E 甘肃省 260385 金昌市
84%
25°N 105°E 贵州省 1420656 六盘水市
84%
35°N 105°E 甘肃省 1212791 天水市
84%
35°N 105°E 陕西省 1084448 汉中市
84%
30°N 110°E 湖北省 1547599 宜昌市
84%
30°N 110°E 湖南省 1469055 常德市
84%
40°N 110°E 山西省 713287 朔州市
84%
30°N 115°E 安徽省 1968766 六安市
84%
50°N 115°E 内蒙古自治区 150508 满洲里市
84%
45°N 120°E 内蒙古自治区 921808 通辽市
84%
40°N 125°E 辽宁省 877832 辽阳市
84%
55°N 125°E 黑龙江省 54036 漠河市
84%
45°N 85°E 新疆维吾尔自治区 607441 昌吉市
81%
50°N 90°E 新疆维吾尔自治区 221454 阿勒泰市
81%
35°N 95°E 青海省 141308 玉树市
81%
25°N 100°E 四川省 806395 攀枝花市
81%
25°N 100°E 云南省 771128 大理市
81%
25°N 105°E 云南省 1594721 曲靖市
81%
35°N 105°E 陕西省 1862118 宝鸡市
81%
25°N 110°E 广西壮族自治区 1725865 桂林市
81%
45°N 110°E 内蒙古自治区 75794 二连浩特市
81%
45°N 115°E 内蒙古自治区 349953 锡林浩特市
81%
40°N 125°E 辽宁省 1322098 抚顺市
81%
45°N 130°E 黑龙江省 930015 牡丹江市
81%
45°N 130°E 黑龙江省 545404 鹤岗市
81%
30°N 90°E 西藏自治区 81608 山南市
78%
40°N 90°E 青海省 18856 茫崖市
78%
35°N 95°E 青海省 221863 格尔木市
78%
40°N 95°E 甘肃省 185231 敦煌市
78%
25°N 100°E 云南省 903081 保山市
78%
35°N 100°E 青海省 358832 海东市
78%
30°N 105°E 四川省 2158312 宜宾市
78%
40°N 105°E 宁夏回族自治区 658394 吴忠市
78%
20°N 110°E 广西壮族自治区 1400134 钦州市
78%
25°N 110°E 广西壮族自治区 1700978 贵港市
78%
25°N 110°E 广东省 1553109 肇庆市
78%
30°N 110°E 湖北省 1068291 荆州市
78%
35°N 115°E 山东省 2280953 枣庄市
78%
50°N 120°E 内蒙古自治区 71437 根河市
78%
45°N 130°E 黑龙江省 683232 鸡西市
78%
40°N 80°E 新疆维吾尔自治区 715319 阿克苏市
76%
40°N 85°E 新疆维吾尔自治区 779352 库尔勒市
76%
35°N 95°E 青海省 88227 德令哈市
76%
25°N 105°E 贵州省 1305066 毕节市
76%
35°N 105°E 甘肃省 546616 陇南市
76%
40°N 105°E 内蒙古自治区 582206 巴彦淖尔市
76%
45°N 130°E 黑龙江省 862555 佳木斯市
76%
50°N 130°E 黑龙江省 360347 伊春市
76%
35°N 80°E 新疆维吾尔自治区 63487 昆玉市
73%
45°N 80°E 新疆维吾尔自治区 778047 伊宁市
73%
40°N 85°E 新疆维吾尔自治区 104746 铁门关市
73%
25°N 100°E 云南省 631530 楚雄市
73%
30°N 100°E 四川省 955041 西昌市
73%
30°N 100°E 云南省 186412 香格里拉市
73%
20°N 105°E 广西壮族自治区 435438 崇左市
73%
30°N 110°E 湖南省 1245473 益阳市
73%
40°N 80°E 新疆维吾尔自治区 328241 阿拉尔市
70%
40°N 80°E 新疆维吾尔自治区 263245 图木舒克市
70%
45°N 80°E 新疆维吾尔自治区 69524 可克达拉市
70%
40°N 95°E 甘肃省 137736 玉门市
70%
45°N 120°E 内蒙古自治区 356035 乌兰浩特市
70%
50°N 135°E 黑龙江省 97329 抚远市
70%
45°N 80°E 新疆维吾尔自治区 246706 博乐市
68%
45°N 80°E 新疆维吾尔自治区 54731 双河市
68%
45°N 90°E 新疆维吾尔自治区 20414 北屯市
68%
30°N 100°E 四川省 126785 康定市
68%
30°N 100°E 四川省 58390 马尔康市
68%
50°N 120°E 内蒙古自治区 256396 牙克石市
68%
45°N 90°E 新疆维吾尔自治区 141065 五家渠市
65%
20°N 100°E 云南省 642737 景洪市
65%
50°N 125°E 黑龙江省 243283 五大连池市
65%
40°N 75°E 新疆维吾尔自治区 290936 阿图什市
62%
45°N 80°E 新疆维吾尔自治区 71466 霍尔果斯市
62%
45°N 120°E 内蒙古自治区 32301 阿尔山市
62%
50°N 120°E 内蒙古自治区 68482 额尔古纳市
62%
40°N 85°E 新疆维吾尔自治区 530328 库车市
59%
45°N 95°E 新疆维吾尔自治区 151100 新星市
59%
30°N 90°E 西藏自治区 13932 错那市
57%
25°N 100°E 云南省 642481 腾冲市
54%
20°N 105°E 广西壮族自治区 129843 凭祥市
54%
35°N 110°E 河南省 1247807 邓州市
54%
45°N 120°E 内蒙古自治区 138676 霍林郭勒市
54%
50°N 125°E 内蒙古自治区 318933 扎兰屯市
54%
20°N 115°E 广东省 748777 开平市
51%
50°N 125°E 黑龙江省 436906 讷河市
51%
30°N 95°E 西藏自治区 26176 米林市
49%
35°N 100°E 青海省 101519 同仁市
49%
50°N 135°E 黑龙江省 176112 同江市
49%
40°N 125°E 辽宁省 1067905 海城市
46%
50°N 125°E 黑龙江省 355528 嫩江市
46%
50°N 125°E 黑龙江省 308237 北安市
46%
20°N 110°E 广东省 1363470 廉江市
43%
45°N 135°E 黑龙江省 267870 虎林市
43%
45°N 85°E 新疆维吾尔自治区 262906 乌苏市
41%
20°N 115°E 广东省 907744 台山市
38%
45°N 90°E 新疆维吾尔自治区 181144 阜康市
35%
45°N 85°E 新疆维吾尔自治区 301046 沙湾市
32%
No matching quizzes found
Score Distribution
Percent of People with Each Score
Percentile by Number Answered
Your Score History
You have not taken this quiz